A history of the town and county of Haverfordwest /

Bibliographic Details
Other Authors: Miles, Dillwyn
Format: Book
Language:English
Published: Llandysul, Ceredigion, Wales : Gwasg Gomer, 1999.
Subjects:

MARC

Tag First Indicator Second Indicator Subfields
LEADER 00000cam a2200000 a 4500
001 in00004785713
008 000525s1999 wlkab b 001 0 eng
005 20240523140409.8
010 |a  00361472  
035 |a (OCoLC)ocm42213797 
040 |a DLC  |e rda  |c DLC  |d TXA 
020 |a 1859027385 
020 |a 9781859027387 
035 |a (OCoLC)42213797 
043 |a e-uk-wl 
050 0 0 |a DA745.H28  |b H57 1999 
082 0 0 |a 942.9059 
245 0 2 |a A history of the town and county of Haverfordwest /  |c edited by Dillwyn Miles. 
260 |a Llandysul, Ceredigion, Wales :  |b Gwasg Gomer,  |c 1999. 
300 |a 272 pages :  |b illustrations, maps ;  |c 22 cm. 
336 |a text  |b txt  |2 rdacontent 
337 |a unmediated  |b n  |2 rdamedia 
338 |a volume  |b nc  |2 rdacarrier 
504 |a Includes bibliographical references and index. 
651 0 |a Haverfordwest (Wales)  |x History. 
700 1 |a Miles, Dillwyn. 
948 |h NO HOLDINGS IN TXA - 21 OTHER HOLDINGS 
994 |a Z0  |b TXA 
999 f f |s a94789b1-d32d-4ecd-b574-edf370b6bead  |i 58132a5a-fac9-4d46-b8ab-f57345a8c13f  |t 0 
952 f f |p normal  |a Texas A&M University  |b College Station  |c Sterling C. Evans Library  |d Evans: Library Stacks  |t 0  |e DA745.H28 H57 1999  |h Library of Congress classification  |i unmediated -- volume  |m A14852168476 
998 f f |a DA745.H28 H57 1999  |t 0  |l Evans: Library Stacks